Le vieux village. (Record no. 3102)

MARC details
000 -LEADER
fixed length control field 00643cam a22002051 4500
001 - CONTROL NUMBER
control field af 47005410
003 - CONTROL NUMBER IDENTIFIER
control field DLC
005 - DATE AND TIME OF LATEST TRANSACTION
control field 20260227110831.0
008 - FIXED-LENGTH DATA ELEMENTS--GENERAL INFORMATION
fixed length control field 860908s1945 fr a 000 0 fre c
010 ## - LIBRARY OF CONGRESS CONTROL NUMBER
LC control number af 47005410
035 ## - SYSTEM CONTROL NUMBER
System control number (OCoLC)14191561
040 ## - CATALOGING SOURCE
Original cataloging agency Yale Univ. Library
Transcribing agency CLU
Modifying agency DLC
042 ## - AUTHENTICATION CODE
Authentication code premarc
050 00 - LIBRARY OF CONGRESS CALL NUMBER
Classification number PQ2611.A887
Item number V5
100 1# - MAIN ENTRY--PERSONAL NAME
Personal name Favre, Marcel.
245 13 - TITLE STATEMENT
Title Le vieux village.
Statement of responsibility, etc. Frontispice et bandeaux gravés sur bois de Pierre Mestre.
260 ## - PUBLICATION, DISTRIBUTION, ETC.
Place of publication, distribution, etc. Paris,
Name of publisher, distributor, etc. Les Éditions de la nouvelle France
Date of publication, distribution, etc. [1945]
300 ## - PHYSICAL DESCRIPTION
Extent 3 p. l., [9]-266 p., 2 l. incl. front., illus.
Dimensions 19 cm.
490 0# - SERIES STATEMENT
Series statement Collection Chamois.
Volume/sequential designation [7]

No items available.

Powered by Koha